000 00816cam a22002414a 4500
020 _a1559637471 (cloth : alk. paper)
020 _a155963748X (pbk. : alk. paper)
040 _cDLC
082 0 0 _a291 ISL 2000 A009 Or.
245 0 0 _aConsumption, population, and sustainability :
_bperspectives from science and religion /
260 _aWashington, D.C. :
_bIsland Press,
_cc2000.
300 _axi, 355 p. :
_bill. ;
_c24 cm.
650 0 _aConsumption (Economics)
650 0 _aConsumption (Economics)
650 0 _aPopulation policy
650 0 _aPopulation policy
650 0 _aSustainable development
700 1 _aChapman, Audrey R.
700 1 _aPetersen, Rodney Lawrence.
700 2 _aSmith-Moran, Barbara.
856 4 2 _uhttp://www.loc.gov/catdir/enhancements/fy0666/99033887-d.html
942 _cEK
999 _c15651
_d15651